|
|
|
|
| LEADER |
00000nam2a2200000 4500 |
| 001 |
683728 |
| 005 |
20251226163308.0 |
| 090 |
|
|
|a 683728
|
| 100 |
|
|
|a 20251215d1932 m||y0rusy50 ca
|
| 101 |
0 |
|
|a rus
|
| 102 |
|
|
|a RU
|
| 105 |
|
|
|a a z 000yy
|
| 181 |
|
0 |
|a i
|b e
|
| 182 |
|
0 |
|a n
|
| 183 |
|
0 |
|a nc
|2 RDAcarrier
|
| 200 |
0 |
|
|a Ч. 2
|
| 203 |
|
|
|a Текст
|b визуальный
|c непосредственный
|
| 210 |
|
|
|d 1932
|
| 215 |
|
|
|a 312 с.
|c ил.
|
| 283 |
|
|
|a volume
|2 RDAcarrier
|
| 316 |
|
|
|5 63413507: 179794
|a На форзаце владельческая подпись: «М. Усов»
|
| 317 |
|
|
|5 63413507: 179794
|a Поступил в НТБ в 1940 г. в составе книжного собрания академика М. А. Усова
|
| 461 |
|
1 |
|0 683725
|9 683725
|a Цыбульский, В. А.
|t Инженерная геология
|o в 2 ч.
|f В. А. Цыбульский
|g под общ. ред. Н. В. Бобкова и С. В. Кумпана
|c Москва
|c Ленинград
|n Государственное научно-техническое горное издательство
|d 1932
|v Ч. 2
|
| 606 |
|
|
|a Инженерная геология
|9 39335
|
| 610 |
1 |
|
|a бурение
|
| 610 |
1 |
|
|a геолого-технические изыскания
|
| 610 |
1 |
|
|a подземные воды
|
| 610 |
1 |
|
|a оползни
|
| 610 |
1 |
|
|a пещеры
|
| 610 |
1 |
|
|a провалы
|
| 610 |
1 |
|
|a воронки
|
| 610 |
1 |
|
|a горные породы
|
| 610 |
1 |
|
|a фундаменты
|
| 610 |
1 |
|
|a основания
|
| 610 |
1 |
|
|a насыпи
|
| 610 |
1 |
|
|a выемки
|
| 610 |
1 |
|
|a пучины
|
| 610 |
1 |
|
|a вечная мерзлота
|
| 610 |
1 |
|
|a инженерные сооружения
|
| 610 |
1 |
|
|a ископаемые строительные материалы
|
| 610 |
1 |
|
|a изверженные породы
|
| 610 |
1 |
|
|a владельческая надпись
|
| 610 |
1 |
|
|a дары библиотеке
|
| 610 |
1 |
|
|a Библиотека М. А. Усова
|
| 675 |
|
|
|a 624.131.1
|
| 700 |
|
1 |
|a Цыбульский
|b В. А.
|
| 702 |
|
1 |
|4 340
|a Бабков (Бобков)
|b Н. В.
|
| 702 |
|
1 |
|a Кумпан
|b С. В.
|c профессор
|c член Геолкома
|f 1881-1948
|g Семен Васильевич
|4 340
|9 9398
|
| 801 |
|
0 |
|a RU
|b 63413507
|c 20251215
|
| 830 |
|
|
|a Ретро2025Каталогизация Кузнецова (РФ)
|
| 850 |
|
|
|a 63413507
|
| 942 |
|
|
|c BK
|